000 00664nam a2200205Ia 4500
003 GCL
008 140319s9999 xx 000 0 ara d
040 _aGCL /
_cGCL
082 0 4 _a910.09
_bم ج
100 1 _aمحمد محمد سطيحة
245 1 0 _aالجغرافيا الاقليمية دراسة لمناطق العالم الكبرى /
_cمحمد محمد سطيحة
260 _a[S.N] :
_bدار النهضة العربية ،
_c1992
300 _a493 ص
490 _a
650 0 4 _aالاتحاد السوفيتى
650 0 4 _aالشرق الاوسط
650 0 4 _aالجغرافيا
650 0 4 _aالشرق الاسيوى
942 _2ddc
_cBK
999 _c36851
_d36851